<?xml version="1.0" encoding="UTF-8"?>
<record
    xmlns:xsi="http://www.w3.org/2001/XMLSchema-instance"
    xsi:schemaLocation="http://www.loc.gov/MARC21/slim http://www.loc.gov/standards/marcxml/schema/MARC21slim.xsd"
    xmlns="http://www.loc.gov/MARC21/slim">

  <leader>00530nam a22001817a 4500</leader>
  <datafield tag="999" ind1=" " ind2=" ">
    <subfield code="c">524875</subfield>
    <subfield code="d">524875</subfield>
  </datafield>
  <controlfield tag="003">NUST</controlfield>
  <datafield tag="038" ind1=" " ind2=" ">
    <subfield code="a">Faiza</subfield>
  </datafield>
  <datafield tag="082" ind1=" " ind2=" ">
    <subfield code="a">891.423</subfield>
    <subfield code="b">KAS</subfield>
  </datafield>
  <datafield tag="100" ind1=" " ind2=" ">
    <subfield code="a">Kashmiri, Shahid Mehmood</subfield>
    <subfield code="9">15671</subfield>
  </datafield>
  <datafield tag="245" ind1=" " ind2=" ">
    <subfield code="a">Surt Sawair /</subfield>
    <subfield code="c">Shahid Mehmood Kashmiri</subfield>
  </datafield>
  <datafield tag="260" ind1=" " ind2=" ">
    <subfield code="a">Lahore :</subfield>
    <subfield code="b">Muneer Ahmad,</subfield>
    <subfield code="c">1989.</subfield>
  </datafield>
  <datafield tag="300" ind1=" " ind2=" ">
    <subfield code="a">328 p. ;</subfield>
  </datafield>
  <datafield tag="500" ind1=" " ind2=" ">
    <subfield code="a">Papercover.</subfield>
  </datafield>
  <datafield tag="880" ind1=" " ind2=" ">
    <subfield code="6">100-01\r</subfield>
    <subfield code="a">&#x634;&#x627;&#x6C1;&#x62F; &#x645;&#x62D;&#x645;&#x648;&#x62F; &#x6A9;&#x627;&#x634;&#x645;&#x6CC;&#x631;&#x6CC;</subfield>
  </datafield>
  <datafield tag="880" ind1=" " ind2=" ">
    <subfield code="6">245-02\r</subfield>
    <subfield code="a">&#x633;&#x64F;&#x631;&#x62A; &#x633;&#x648;&#x6CC;&#x631; /</subfield>
  </datafield>
  <datafield tag="880" ind1=" " ind2=" ">
    <subfield code="6">260-03\r</subfield>
    <subfield code="a">&#x644;&#x627;&#x6C1;&#x648;&#x631; :</subfield>
    <subfield code="b">&#x645;&#x64F;&#x646;&#x6CC;&#x631;&#x627;&#x62D;&#x645;&#x62F;,</subfield>
    <subfield code="c">&#x6F1;&#x6F9;&#x6F8;&#x6F9;.</subfield>
  </datafield>
  <datafield tag="942" ind1=" " ind2=" ">
    <subfield code="2">ddc</subfield>
    <subfield code="c">BK</subfield>
  </datafield>
  <datafield tag="952" ind1=" " ind2=" ">
    <subfield code="0">0</subfield>
    <subfield code="1">0</subfield>
    <subfield code="2">ddc</subfield>
    <subfield code="4">0</subfield>
    <subfield code="7">0</subfield>
    <subfield code="a">CL</subfield>
    <subfield code="b">CL</subfield>
    <subfield code="d">2019-06-27</subfield>
    <subfield code="l">0</subfield>
    <subfield code="o">891.423 KAS</subfield>
    <subfield code="p">CL-E-1012</subfield>
    <subfield code="r">2019-06-27</subfield>
    <subfield code="w">2019-06-27</subfield>
    <subfield code="y">BK</subfield>
  </datafield>
</record>
